Пособие по немецкому языку для физиков и радиофизиков

التفاصيل البيبلوغرافية
المؤلف الرئيسي: Задирако А. А. Анна Адамовна
اللغة:الروسية
الألمانية
منشور في: Минск, Изд-во БГУ, 1974
الموضوعات:
التنسيق: كتاب
KOHA link:https://koha.lib.tpu.ru/cgi-bin/koha/opac-detail.pl?biblionumber=113203

MARC

LEADER 00000nam0a2200000 4500
001 113203
005 20231101215118.0
035 |a (RuTPU)RU\TPU\book\122440 
090 |a 113203 
100 |a 20070406d1974 m y0rusy50 ca 
101 0 |a rus  |a ger 
102 |a BY 
105 |a y j 000zy 
200 1 |a Пособие по немецкому языку для физиков и радиофизиков  |f А. А. Задирако 
210 |a Минск  |c Изд-во БГУ  |d 1974 
215 |a 159 с. 
606 1 |a Немецкий язык  |x Учебные руководства и пособия для вузов  |2 stltpush  |3 (RuTPU)RU\TPU\subj\45394  |9 64636 
610 1 |a устная речь 
610 1 |a переводы 
610 1 |a физика 
610 1 |a радиофизика 
610 1 |a тексты 
610 1 |a учебные пособия 
686 |a Ш143.24-923  |v LBC/SL-A  |2 rubbk 
700 1 |a Задирако  |b А. А.  |g Анна Адамовна 
801 2 |a RU  |b 63413507  |c 20200929  |g PSBO 
942 |c BK